000 00424nam a2200181Ia 4500
001 4887
005 20260306145827.0
008 260306t2004||||xx |||||||||||||| ||spa||
041 _aESP
082 _a331
_bG22 T. 2
100 _aGarcía, Norberto
_eAUT
245 0 _aPolíticas de empleo en Perú
260 _c2004
300 _a427 páginas :
_c20 cm.
650 _aGEN
654 _aCAN
942 _cLIB
_dJUS
_fJUS
_2ddc
_n
999 _c4887
_d4887